Guia de suport en la gestió energètica : per a professionals dels ens locals per a professionals dels ens locals
Descripción Física:
34 pàgines ; il·lustracions en color ; 15 x 21 cm
Idioma:
Catalán
MARC
| LEADER | 00000nam a22000007a 4500 | ||
|---|---|---|---|
| 001 | 27564 | ||
| 003 | Arxiu | ||
| 005 | 20260324181156.0 | ||
| 008 | 230321b spa||||| |||| 00| 0 cat d | ||
| 017 | |a B 16327-2021 | ||
| 040 | |a agdb |b cat | ||
| 245 | |a Guia de suport en la gestió energètica : |b per a professionals dels ens locals | ||
| 250 | |a 3a edició ; |b setembre 2021 | ||
| 260 | |a Barcelona : |b Diputació de Barcelona ; |c 2021 | ||
| 300 | |a 34 pàgines ; |b il·lustracions en color ; |c 15 x 21 cm | ||
| 650 | 0 | |9 33412 |a Energia |x Estalvi | |
| 650 | 0 | |9 34286 |a Administració local | |
| 710 | |9 52169 |a Ecoserveis |e text i consultoria tècnica | ||
| 710 | |a Barcelona (Catalunya : Província). |b Àrea d'Igualtat i Sostenibilitat Social |e direcció tècnica i coordinació |9 55833 | ||
| 942 | |2 udc |c ARXIU |n 1 | ||
| 952 | |0 0 |1 0 |2 udc |4 0 |6 FU74173 |7 1 |9 65698 |a Arxiu |b Arxiu |d 2023-03-21 |l 0 |o FU-74-173 |p 27564 |r 2023-03-21 00:00:00 |w 2023-03-21 |y ARXIU | ||
| 999 | |c 83224 |d 83224 | ||